000 00590nam a22001937a 4500
999 _c16739
_d16739
003 OSt
005 20180321100150.0
008 180321b xxu||||| |||| 00| 0 eng d
020 _a9966011315
040 _cKABU
050 _aLB 1139.23
_b.K33 2011 C.1
100 _aKabiru, Margaret
245 _aFoundations of Early Childhood Development and Education and Curriculum Development
_cMargaret kabiru and Anne Njenga
260 _aNairobi
_bFocus Publishers ltd
_c2011
300 _a186p.
650 _aEarly childhood education
_zKenya
700 _aAnne Njenga
942 _2lcc
_cBK